| 000 | 00559nam a2200157Ia 4500 | ||
|---|---|---|---|
| 008 | 100122s9999 xx 000 0 und d | ||
| 082 |
_b72523 _a910.4 |
||
| 100 | _aघाणेकर प्र के | ||
| 245 | _aभटकंती रायगड जिल्ह्याची | ||
| 250 | _a1 | ||
| 260 |
_bस्नेहल प्रकाशन _c2007 |
||
| 300 | _a368 | ||
| 630 | _aभटकंती रायगड जिल्ह्याची | ||
| 730 | _aभटकंती रायगड जिल्ह्याची | ||
| 942 | _cBOOK | ||
| 999 |
_c388657 _d388654 |
||